| 000 | 00327nam a2200121Ia 4500 | ||
|---|---|---|---|
| 008 | 220204s9999 xx 000 0 und d | ||
| 082 |
_a57.083.3 _bCHA |
||
| 245 | 0 | _aImmunoassay automation: A practical guide | |
| 260 |
_aSan Diego _bAcademic _c1992 |
||
| 650 | _aImmunoassay automation | ||
| 700 | _aChan, Daniel W | ||
| 942 | _cBK | ||
| 999 |
_c40457 _d40457 |
||